Návrh haptického ovládača pre ovládanie mobilného robota

Guardado en:
Detalles Bibliográficos
Autor principal: Kulík, Martin (Autor)
Otros Autores: Hubinský, Peter (Orientador)
Formato: Manuscrito Libro
Lenguaje:eslovaco
Publicado: 2019
Materias:
Acceso en línea:http://is.stuba.sk/zp/portal_zp.pl?podrobnosti=123918
Etiquetas: Agregar Etiqueta
Sin Etiquetas, Sea el primero en etiquetar este registro!

MARC

LEADER 00000ntm a22000003a 4500
001 stuzp66594
003 SK-STU
005 20190718141655.0
007 ta
008 150427s2015----xo-----f-mn---000-0-slo-d
040 |a STU  |b slo 
041 0 |a slo 
044 |a xo 
100 1 |a Kulík, Martin  |u 031000  |4 aut  |U FEI Fakulta elektrotechniky a informatiky  |T FEI Ústav robotiky a kybernetiky  |X 80518  |U E011  |Y 356  |7 80518 
242 0 1 |a Design of Haptic Controller for Driving the Mobile Robot  |y eng 
245 1 0 |a Návrh haptického ovládača pre ovládanie mobilného robota 
260 |c 2019 
300 |a 33 s., príl.,  |b CD-ROM 
650 4 |a robot  |2 slo 
650 4 |a sila  |2 slo 
650 4 |a haptika  |2 slo 
650 4 |a haptics  |2 eng 
650 4 |a robot  |2 eng 
650 4 |a force  |2 eng 
700 1 |a Hubinský, Peter  |u 031000  |k Z1  |4 ths  |U FEI Fakulta elektrotechniky a informatiky  |T FEI Ústav robotiky a kybernetiky  |X 4940  |U E011  |Y 356  |7 A000004940 
856 4 |u http://is.stuba.sk/zp/portal_zp.pl?podrobnosti=123918 
996 |b 284ER02872  |c E*Bc- 2872  |l EE31  |s P  |a 0  |w stuzp66594_0001